| 000 | 00455nam a2200193Ia 4500 | ||
|---|---|---|---|
| 001 | 119997 | ||
| 003 | YMCAF | ||
| 005 | 20230512163716.0 | ||
| 008 | 191209s9999 ||||||||||||||||| ||und|d | ||
| 020 | _a9780071321839 | ||
| 024 | _a119997 | ||
| 035 | _aEB82 | ||
| 040 |
_aYMCAF _beng _cIN-KoLT |
||
| 041 | _aeng | ||
| 100 | _aOza, Bhuvanesh | ||
| 245 | 0 | _aPower system protection and switchgear | |
| 260 |
_aNew Delhi _bMcGraw Hills |
||
| 942 |
_2ddc _cEBK |
||
| 999 |
_c16577 _d16577 |
||